书目信息 |
| 题名: |
公民法律顾问
|
|
| 作者: | 陈轩 , 陈春龙 编著 | |
| 分册: | ||
| 出版信息: | 哈尔滨 黑龙江人民出版社 1983 |
|
| 页数: | 440页 | |
| 开本: | 19cm | |
| 丛书名: | ||
| 单 册: | ||
| 中图分类: | D920.1 | |
| 科图分类: | ||
| 主题词: | 法律--基本知识--中国 , 法律--中国 | |
| 电子资源: | ||
| ISBN: | ||
| 000 | 00651nam0 2200241 45 | |
| 001 | 0183004509 | |
| 005 | 20051117105350.34 | |
| 010 | @dCNY2.10 | |
| 091 | @a6093.6 | |
| 100 | @a19960215d1983 em y0chiy0121 ea | |
| 101 | 0 | @achi |
| 102 | @aCN@b230000 | |
| 105 | @ay zn 000yy | |
| 200 | 10 | @a公民法律顾问@Agong min fa lu gu wen@f陈春龙编著@FChen Chun Long Bian Zhu |
| 210 | @a哈尔滨@c黑龙江人民出版社@d1983 | |
| 215 | @a440页@d19cm | |
| 606 | @a法律@x基本知识@y中国 | |
| 606 | 0 | @a法律@x中国 |
| 690 | @aD920.1 | |
| 701 | 0 | @a陈轩@Achen xuan@4编著 |
| 701 | 0 | @a陈春龙@4编著 |
| 801 | 0 | @aCN@bNLC@c20051117 |
| 905 | @f2@b165486-487@dD920.1@e110 | |
| 公民法律顾问/陈春龙编著.-哈尔滨:黑龙江人民出版社,1983 |
| 440页;19cm |
| ISBN :CNY2.10 |
| ● |
| 相关链接 |
|
|
|
|
正题名:公民法律顾问
索取号:D920.1/110
 
预约/预借
| 序号 | 登录号 | 条形码 | 馆藏地/架位号 | 状态 | 备注 |
| 1 | 0165486 | 001250835 | 第一样本阅览室/ [索取号:D920.1/110] | 在馆 | |
| 2 | 0165487 | 001250826 | 密集书库/ [索取号:D920.1/110] | 在馆 | |
| 3 | 0165488 | 202145829 | 密集书库/ [索取号:D920.1/110] | 在馆 |